00488nam a2200193 a 4500001001300000003000900013005001700022008004100039020001000080082001500090100001800105245002200123260005000145300000900195500003500204505001000239650002700249700001800276nice12345678IN_TiNIC20260116011634.0050524s1924 cama grp 000 0 eng  ac10000a232.9bMCN aMc Neile, A H aConcerning Christ aCambridge bCambridge University Press c1924 a155p aincludes index and biblioraphy2 aIndex aJesus Christ-Biography1 aMc Neile, A H